000 00593nam a22001817a 4500
003 UA-OsUOA
001 11496
007 ta
008 20050324b un ||||| |||| 00| 0 ukr d
100 _aСивульський М.І.
942 _cSA
040 _aUA-OsUOA
_cUA-OsUOA
_dUA-OsUOA
245 _aПроблеми становлення системи державного фінансового контролю в Україні.
300 _aС.3-9
955 _a0
773 0 _w0
_tФінанси України
_dКиїв
_d2005
_g№3
650 7 _aФінансовий контроль
_2UDC
999 _c297657
_d297657